76ers All Time Leading Scorers - Statistics

General Stats
  • This quiz has been taken 26 times
  • The average score is 16 of 50
Answer Stats
Number of points Place Answer Years Played on 76ers Other Teams % Correct
19,931 2 Allen Iverson 1996-2007, 2009-2010 Nuggets, Pistons, Grizzies
96%
12,641 7 Joel Embiid 2016-current none
92%
14,184 5 Charles Barkley 1984-1992 Suns, Rockets
79%
7,511 17 Moses Malone 1982-1986,1993-1994 Braves, Rockets, Bullets, Hawks, Bucks, Spurs
79%
18,364 4 Julius Erving 1976-1987 none
75%
7,651 15 Wilt Chamberlain 1964-1968 Warriors, Lakers
75%
6,586 23 Tyrese Maxey 2020-current none
71%
18,438 3 Dolph Schayes 1949-1964 none
67%
21,586 1 Hal Greer 1958-1973 none
67%
10,429 9 Maurice Cheeks 1978-1989 Spurs, Knicks, Hakws, Nets
67%
13,626 6 Billy Cunningham 1965-1976 none
63%
9,422 10 Andre Iguodala 2004-2012 Nuggets, Warriors, Heat
54%
4,382 35 Ben Simmons 2017-2021 Nets
54%
6,585 24 Bobby Jones 1978-1986 Nuggets
46%
3,466 47 Caldwell Jones 1976-1982 Rockets, Bulls, Blazers, Spurs
42%
6,659 22 Tobias Harris 2018-2024 Bucks, Magic, Pistons, Clippers
42%
5,229 28 Wali Jones 1965-1971, 1975-1976 Bullets, Bucks, Pistons
42%
4,375 37 Eric Snow 1997-2004 Sonics, Cavs
38%
7,458 18 Andrew Toney 1980-1988 none
33%
5,158 30 Lou Williams 2005-2012 Hakws, Raptors, Lakers, Rockets, Clippers
29%
5,009 33 Darryl Dawkins 1975-1982 Nets, Jazz, Pistons
25%
7,427 19 Doug Collins 1973-1981 none
25%
3,343 50 Johnny Dawkins 1989-1994 Spurs, Pistons
25%
3,994 39 Jrue Holiday 2009-2013 Pelicans, Bucks, Celtics
25%
4,143 38 Aaron McKie 1997-2005 Blazers, Pistons, Lakers
21%
7,657 14 Hersey Hawkins 1988-1993 Hornets, Sonics, Bulls
21%
3,527 45 Kyle Korver 2003-2008 Jazz, Bulls, Hawks, Cavs, Bucks
21%
9,043 11 Chet Walker 1962-1969 Bulls
17%
6,867 21 Clarence Weatherspoon 1992-1998 Warriors, Heat, Cavs, Knicks, Rockets
17%
3,416 49 Jerry Stackhouse 1995-1998 Pistons, Wizards, Mavs, Bucks, Heat, Hawks, Nets
17%
3,939 42 Robert Covington 2014-2019, 2023-2024 Rockets, Timberwolves, Blazers, Clippers
17%
7,078 20 Thaddeus Young 2007-2014 Timberwolves, Nets, Pacers, Bulls, Spurs, Raptors, Suns
17%
3,943 41 Derrick Coleman 1995-1998, 2001-2004 Nets, Hornets, Pistons
13%
3,609 43 George King 1951-1956 Royals
13%
5,046 32 George McGinnis 1975-1978 Nuggets, Pacers
13%
7,957 12 Larry Costello 1957-1968 Warriors
13%
5,138 31 Ron Anderson 1988-1993 Cavs, Pacers, Nets, Bullets
13%
7,559 16 Steve Mix 1973-1982 Pistons, Bucks, Lakers
13%
5,170 29 Luke Jackson 1964-1972 none
8%
3,585 44 Mike Gminski 1987-1991 Nets, Hornets, Bucks
8%
11,699 8 Red Kerr 1954-1965 Bullets
8%
4,710 34 Samuel Dalembert 2001-2010 Kings, Rockets, Bucks, Mavs, Knicks
8%
3,510 46 Andre Miller 2006-2009 Cavs, Clippers, Nuggets, Blazers, Wizards, Kings, Timberwolves, Spurs
4%
7,673 13 Fred Carter 1971-1977 Bullets, Bucks
4%
5,760 25 Paul Seymour 1949-1960 Bullets
4%
3,954 40 Willie Green 2003-2010 Hornets, Hawks, Clippers, Magic
4%
5,550 26 Al Bianchi 1956-1966 none
0%
4,381 36 Archie Clark 1968-1972 Lakers, Bullets, Sonics, Pistons
0%
5,454 27 Dave Gambee 1960-1967 Hawks, Royals, Rockets, Bucks, Pistons, Warriors
0%
3,432 48 Earl Lloyd 1952-1958 Capitols, Pistons
0%
No matching quizzes found
Score Distribution
Percent of People with Each Score
Percentile by Number Answered
Your Score History
You have not taken this quiz